000 00475nam a2200193Ia 4500
008 151119s9999||||xx |||||||||||||| ||und||
082 _a891.463
082 _bGKKV7822
100 _aबांदोडकर व पु
245 _aमेख
260 _a--
260 _b--
260 _c1993
600 _aबांदोडकर व पु
630 _aमेख
700 _aबांदोडकर व पु
730 _aमेख
942 _cBOOK
999 _c1062407
_d1062404